000 00328nam a22001457a 4500
003 SGT
082 _a617.96
_bD16P
100 _aPAUL, ARUN KUMAR
245 _aDRUGS AND EQUIPMENT IN ANESTHESIA PRACTICE
260 _aINDIA
_bELSEVIER
_c2016
300 _a2016
490 _a437
650 _aANESTHESIA
942 _2ddc
_cBK
999 _c13682
_d13682